Religion and the making of society : essays in social theology

Αποθηκεύτηκε σε:
Λεπτομέρειες βιβλιογραφικής εγγραφής
Άλλοι συγγραφείς: Davis, Charles 1923-
Μορφή: Βιβλίο
Γλώσσα:English
Δημοσίευση: Cambridge : Cambridge University Press, c1994
Σειρά:Cambridge studies in ideology and religion
Θέματα:
Ετικέτες: Προσθήκη ετικέτας
Δεν υπάρχουν, Καταχωρήστε ετικέτα πρώτοι!

MARC

LEADER 00000nam a2200000 i 4500
001 1/72340
008 990316s1994 eng d
020 |a 0-521-44789-5 
035 |l 10048541 
040 |a GR-MY-UA  |b gre  |e aacr 
041 0 |a eng 
082 0 |a 261 
245 1 0 |a Religion and the making of society :  |b essays in social theology /  |c Charles Davis 
260 |a Cambridge :   |b Cambridge University Press,   |c c1994 
300 |a 208 p. 
490 1 |a Cambridge studies in ideology and religion 
504 |a Includes bibliographical references and index 
650 0 0 |a Christian sociology. 
650 0 0 |a Religion and sociology. 
650 0 0 |a Religion and politics. 
650 0 0 |a Ideology  |x Religious aspects. 
700 1 |a Davis, Charles  |d 1923- 
830 0 |a Cambridge studies in ideology and religion 
852 |a INST  |b LESVOS  |e 19990316  |h 261 DAV  |p 005100016928  |q 005100016928  |t BK  |y 0 
901 |a BIBL-1999-1 
909 |a Λ  |b 061539 
922 |a 1ΕΛΗ  |b 199811  |c ΚΠΣ/ΤΚ  |d ΠΑΠΑΣΩΤΗΡΙΟΥ 
950 |a 103-1998-07-27